书目信息 |
| 题名: |
手球竞赛规则
|
|
| 作者: | ;国家体育委员会 审定 | |
| 分册: | ||
| 出版信息: | 北京 人民体育出版社 1982 |
|
| 页数: | 34页 | |
| 开本: | 19cm | |
| 丛书名: | ||
| 单 册: | ||
| 中图分类: | G844.4 | |
| 科图分类: | ||
| 主题词: | 手球运动-竞赛规则 , 竞赛规则-手球运动 | |
| 电子资源: | ||
| ISBN: | ||
| 000 | 00685nam0 2200253 45 | |
| 001 | 0182001792 | |
| 005 | 20060810091858.23 | |
| 010 | @dCNY0.13 | |
| 091 | @aCN@b7015.2028 | |
| 100 | @a19950410d1982 em y0chiy0121 ea | |
| 101 | 0 | @achi |
| 102 | @aCN@b110000 | |
| 105 | @ay z 000yy | |
| 200 | 10 | @a手球竞赛规则@Ashou qiu jing sai gui ze@f国家体育运动委员会审定 |
| 205 | @a6版 | |
| 210 | @a北京@c人民体育出版社@d1982 | |
| 215 | @a34页@d19cm | |
| 606 | @a手球运动-竞赛规则 | |
| 606 | @a竞赛规则-手球运动 | |
| 690 | @aG844.4@v3 | |
| 711 | 02 | @a国家体育委员会@Aguo jia ti yu wei yuan hui@4审定 |
| 801 | 2 | @aCN@bNLC@c20060810 |
| 801 | 0 | @aCN@bTSSF |
| 905 | @a10447@dG844.4@e218 | |
| 手球竞赛规则/国家体育运动委员会审定.-6版.-北京:人民体育出版社,1982 |
| 34页;19cm |
| ISBN :CNY0.13 |
| ● |
| 相关链接 |
|
|
|
|
正题名:手球竞赛规则
索取号:G844.4/218
 
预约/预借
| 序号 | 登录号 | 条形码 | 馆藏地/架位号 | 状态 | 备注 |
| 1 | 0448301 | 204483013 | 密集书库/ [索取号:G844.4/218] | 在馆 |